Dream SMP Members - Statistics

General Stats
  • This quiz has been taken 758 times
  • The average score is 18 of 21
Answer Stats
Answer % Correct
Dream
100%
GeorgeNotFound
99%
Sapnap
98%
TommyInnit
97%
Tubbo
96%
Wilbur Soot
94%
Nihachu
87%
BadBoyHalo
86%
Fundy
86%
Punz
84%
Quackity
84%
Skeppy
84%
Ponk
82%
Technoblade
79%
The Eret
79%
Purpled
77%
Callahan
76%
Alyssa
75%
Jschlatt
73%
Ph1LzA
66%
Thunder1408 (Jack Manifold)
54%
No matching quizzes found
Score Distribution
Percent of People with Each Score
Percentile by Number Answered
Your Score History
You have not taken this quiz